00291nam a22001097a 4500082000800000100002500008245006200033260003200095300001000127650001600137650002800153 aDAH aDahari Bashir Ahmed  aSindh Irrigation Engineering History Theory and Practice  aKarachibPea Cock Pubc2024 a338p. aIrrigation  aIrrigation Engineering